Statistics for Historical figures by picture - A

Click here to take the quiz!

General Stats

  • This quiz has been taken 406 times
  • The average score is 8 of 20

Answer Stats

Answer% Correct
Ali
96%
Armstrong
86%
Alexander
79%
Augustus
75%
Aristotle
68%
Adams
64%
Arafat
61%
Abe
60%
Ataturk
51%
Amundsen
40%
Austen
38%
Adenauer
23%
Attlee
20%
Augustine
19%
Allende
12%
Ashoka
12%
Akhenaten
11%
Atahualpa
8%
Akhbar
7%
Averroes
3%

Score Distribution

Percentile by Number Answered

Percent of People with Each Score

Your Score History

You have not taken this quiz